000 01003nam a2200193 a 4500
001 000046076
005 20240308073618.0
008 150617s2005 dr 000 0 spa d
020 _a9993491268
040 _aDO-SdBNP
_bspa
_cBNPHU
082 _axxxx
_bxxxx
100 1 _aDeive, Carlos Esteban,
_d1935-2019
_91916
245 1 0 _a¿Quién se atreve con un entremés de Cristóbal de Llerena? :
_bcomedia en tres actos /
_cCarlos Esteban Deive.
260 _aSanto Domingo :
_bCasa de Teatro,
_c2005.
300 _a315 p. ;
_c21 cm.
505 0 _a¿Quién se atreve con un entremés de Cristóbal de Llerena? /
_rCarlos Esteban Deive --
_tHistoria de una foto /
_rJosé Luis García --
_tLa conferencia /
_rGiovanny Cruz --
_tMiches /
_rJulissa Rivera Céspedes --
_tDos mendigos, un muñeco y toda una ciudad /
_rAmauris Pérez Alcéquiez --
_tVolando con el fakir /
_rJesús del Castillo Rodríguez.
586 _aPremio Internacional de Teatro, 2005
586 _aPremio Internacional de Teatro Casa de Teatro 2005
999 _c45565
_d45565